Finish the iconic Azealia Banks quotes - Statistics

General Stats
  • This quiz has been taken 25 times
  • The average score is 3 of 13
Answer Stats
Hint Answer % Correct
did I give ------- or no Arianka
92%
---- ------ is like my albino child i randomly gave birth to Iggy Azalea
69%
What is the tea? --- ----- --- --------! The girls are fighting
46%
Your wife cant ----! read
31%
literally have been sitting at ---- ----- house alone for days waiting for @------ to show up Elon Musks grimes
23%
Your -------- with me are not my --------, those are your -------- problems
15%
- ---- ---- that took steroids and got hair plugs to convince himself he was alpha a beta male
8%
@lilyrosecooper your husband looks like - ----- a thumb
8%
okay your son is a --------- crackbaby
8%
Yes, I hate everything about this country like I hate --- ----- ---------- fat white americans
8%
You can't stop me. I'm a ----- ---- now jewcy diva
8%
I wanted spicy latina and she gave me ---- ---- ----- poor mans nicki
8%
YAAS ----------- drive that ----- truck right off the canyon slavemaster slave
8%
No matching quizzes found
Score Distribution
Percent of People with Each Score
Percentile by Number Answered
Your Score History
You have not taken this quiz